00341nam a2200133Ia 4500008004100000020001800041041000800059082001500067100002200082245003400104260003800138300000800176650002300184231004s9999 xx 000 0 und d a9788194462208 aeng a613.7bMAT aMATHACHAN,ELDHOSE aPHYSICAL FITNESS AND WELLNESS aNEW DELHIbPRERNA PRAKASHANc2023 a316 aFITNESS & WELLNESS